Encyclopaedia of eminent thinkers: the political thought of Mahadev Govind Ranade (Record no. 6821)

MARC details
000 -LEADER
fixed length control field 00514nam a2200169Ia 4500
020 ## - INTERNATIONAL STANDARD BOOK NUMBER
ISBN 8180695824
082 ## - DEWEY DECIMAL CLASSIFICATION NUMBER
Classification number RR 923.25403 PAS-E
100 ## - MAIN ENTRY--AUTHOR NAME
Personal name Pasricha, Ashu
245 #0 - TITLE STATEMENT
Title Encyclopaedia of eminent thinkers: the political thought of Mahadev Govind Ranade
260 ## - PUBLICATION, DISTRIBUTION, ETC. (IMPRINT)
Place of publication New Delhi
Name of publisher Concept Publishing
Year of publication 2009
300 ## - PHYSICAL DESCRIPTION
Number of Pages 146
504 ## - BIBLIOGRAPHY, ETC. NOTE
Bibliography, etc includes bibliography and index
650 ## - SUBJECT ADDED ENTRY--TOPICAL TERM
Topical Term Staesmen
Form subdivision Biography
Geographic subdivision India
650 ## - SUBJECT ADDED ENTRY--TOPICAL TERM
Topical Term Political science
Geographic subdivision India
650 ## - SUBJECT ADDED ENTRY--TOPICAL TERM
Topical Term India
Form subdivision Politics and government
942 ## - ADDED ENTRY ELEMENTS (KOHA)
Koha item type Books
Holdings
Withdrawn status Lost status Damaged status Not for loan Home library Current library Date acquired Source of acquisition Bill Date Full call number Accession Number Price effective from Koha item type
        NASSDOC Library NASSDOC Library 01/10/2009 CON 2009-09-24 RR 923.25403 PAS-E 45750 18/04/2019 Books